Normal view MARC view

Entry Personal Name

Number of records used in: 2

001 - CONTROL NUMBER

  • control field: 59878

003 - CONTROL NUMBER IDENTIFIER

  • control field: dpl

005 - DATE AND TIME OF LATEST TRANSACTION

  • control field: 20231215142037.0

008 - FIXED-LENGTH DATA ELEMENTS

  • fixed length control field: 231215|| aca||aabn | a|a d

040 ## - CATALOGING SOURCE

  • Original cataloging agency: dpl
  • Transcribing agency: dpl

100 ## - HEADING--PERSONAL NAME

  • Dates associated with a name: Mitchell, Joan S

670 ## - SOURCE DATA FOUND

  • Source citation: Work cat.: (dpl)87831: Dewey, Melvil 1851-1931 59877, Dewey decimal classification and relative index /, 2011

© Delhi Public Library
Hit Counter
free hit counter